| 000 | 00448 a2200145 4500 | ||
|---|---|---|---|
| 245 |
_aGirls on the street _hprint |
||
| 020 | _a1779220162 | ||
| 700 | _aRurevo, Rumbidzai. | ||
| 700 | _aBourdillon, M. F. C. | ||
| 650 | _aEnglish Novel | ||
| 005 | 20191017172658.0 | ||
| 260 |
_arh _bWeaver Press _cc2003 |
||
| 084 | _aHV887.Z552 H377 2003 | ||
| 300 |
_aix, 68 p. : ill., maps _b 21 cm. _cix, 68 p. : ill., maps ; 21 cm. |
||
| 500 | _aby Rumbidzai Rurevo and Michael Bourdillon. | ||
| 999 |
_c9218 _d9218 |
||